000 00498nam a2200169Ia 4500
999 _c12543
_d12543
003 OSt
005 20201104122008.0
008 190216s9999||||xx |||||||||||||| ||und||
040 _coclc
082 _a824
_bVAS/P
100 _aVasudevan , S A
_96256
245 0 _aPerspectives An Anthology Of Modern English Prose /
_cS A Vasudevan
260 _bOrient Longman,
_c1970.
_aBombay :
300 _a258p
650 _aEnglish Essay
942 _cBK
_2ddc
_h824
_iVAS/P
_k824
_mVAS/P